000 00984nam a2200277Ia 4500
003 OSt
005 20220925223739.0
006 a|||||r|||| 00| 0
007 ta
008 220923b |||||||| |||| 00| 0 eng d
020 _a9780415600828
_c5876.0900000000001
037 _bG-3440/11-12, 09/01/2012, Manohar Publishers & Distributors
_cGeneral Book
040 _aRTL
_cRTL
_beng
041 _2eng
_aeng
082 _aY72S.273A.N9, Q1
100 _aRycroft Daniel J
_9147949
245 0 _aPolitics of belonging in India
_b Becooming adivasi
260 _aLondon
_bRoutledge
_c2011
300 _axvii, 238p
_ccm.
490 _aRoutledge Contemporary South Asia Series
500 _aBiblioography: chapterwise
650 _aSociology
700 _a Dasgupta Sangeeta
_9290261
942 _hY72S.273A.N9, Q1
_cGB
_2CC
999 _c580299
_d580299